| 000 | 00443nam a2200157Ia 4500 | ||
|---|---|---|---|
| 008 | 170221s9999 xx 000 0 und d | ||
| 100 | _aTalat Bulut | ||
| 245 | _aPolitical Bias in a Turkish Political TV Interview | ||
| 245 | _cTalat Bulut | ||
| 260 | _bOnline Journal of Communication and Media Technologies | ||
| 260 | _c2016 | ||
| 300 | _a5 : 2 | ||
| 650 | _xCommunication | ||
| 650 | _xMedia Arts | ||
| 856 | _uhttp://www.ojcmt.net/ | ||
| 999 |
_c312964 _d312964 |
||